000 00547nam a22001577a 4500
999 _c535441
_d535441
020 _qHard Cover.
082 _a621.3
100 _aMuhammd Usman Khalid
245 _aLiquid Level Control of Coupled Tanks System using Linear Model Predictive Control /
_cMuhammd Usman Khalid.
260 _aKarachi :
_bPNEC - NUST,
_c2013.
300 _axi, 83 p. : ill. ;
_c30cm.
942 _2ddc
_cTHE
650 _aElectrical Engineering MS-Thesis.
_916073
700 _aDr. Muhammd Bilal Kadri.
_929844